00642nam a2200181Ia 450000500170000000800410001702000180005808200200007610000210009624500220011726000410013930000130018044000090019365000370020294200070023999900190024695201950026520240919152642.0240126s9999 xx 000 0 und d a9780521606516 a658.8 NAN;1 R aNankervis, Alan. 0aManaging services bCambridge University PressaNew York axiv, 362 aNULL aService marketingHuman resources cPU c287117d287117 r2024-01-26 00:00:00l0o658.8 NAN;1 RpPU9735h(27/06/1905)v3316.13w2024-01-26yPU1040708HEM00K1599aMLbMLd2019-03-30eSurya Book Supplierg48.99EHMGPOUNDF96.7V14.697URupees